| 000 | 00555 a2200181 4500 | ||
|---|---|---|---|
| 003 | OSt | ||
| 005 | 20231207112513.0 | ||
| 008 | 231207b |||||||| |||| 00| 0 eng d | ||
| 020 | _a9789386560346 | ||
| 040 | _coclc | ||
| 082 |
_a894.8128 _bRAV/V |
||
| 100 |
_aRavichandran, C _97402 |
||
| 245 |
_aVelichappaadinte Bhaarya- Andhaviswaasathinte 60 Malayaala Varshangal / _cRavichandran C. |
||
| 250 | _a1st ed. | ||
| 260 |
_aKottayam: _bD C Books, _c2017. |
||
| 300 | _a312p. | ||
| 942 |
_2ddc _cBK _h894.8128 _iRAV/V _k894.8128 _mRAV/V |
||
| 999 |
_c44028 _d44028 |
||